[Event "EU-chT (Women) 24th"]
[Site "Budva"]
[Date "2023.11.15"]
[Round "5.2"]
[White "Olde, Margareth"]
[Black "Kiolbasa, Oliwia"]
[Result "1/2-1/2"]
[WhiteElo "2147"]
[BlackElo "2371"]
[PlyCount "62"]
[EventDate "2023.11.11"]
[EventType "team-swiss"]
[EventRounds "9"]
[EventCountry "MNE"]
[SourceTitle "CB47_2023"]
[SourceDate "2023.11.22"]
[SourceVersion "1"]
[SourceVersionDate "2023.11.22"]
[SourceQuality "1"]
[WhiteTeam "Estonia (W)"]
[BlackTeam "Poland (W)"]
[WhiteTeamCountry "EST"]
[BlackTeamCountry "POL"]

1. d4 Nf6 2. c4 e6 3. Nf3 d5 4. g3 dxc4 5. Bg2 a6 6. Ne5 Bb4+ 7. Nc3 Nd5 8. Bd2 Nb6 9. e3 N8d7 10. Nxd7 Qxd7 11. 0-0 0-0 12. Ne4 a5 13. Qc2 Qe7 14. Bxb4 axb4 15. Nd2 e5 16. Nxc4 Nxc4 17. Qxc4 exd4 18. exd4 c6 19. d5 Ra5 20. dxc6 Be6 21. Qe4 bxc6 22. Qxc6 Rxa2 23. Rxa2 Bxa2 24. Ra1 Be6 25. Ra8 g6 26. Rxf8+ Kxf8 27. h4 h5 28. Qa8+ Kg7 29. Qe4 Qc5 30. Qf4 Bf5 31. Kh2 Be6 1/2-1/2

[Event "EU-chT (Women) 24th"]
[Site "Budva"]
[Date "2023.11.12"]
[Round "2.14"]
[White "Olde, Margareth"]
[Black "Vanduyfhuys, Daria"]
[Result "1-0"]
[WhiteElo "2147"]
[BlackElo "2083"]
[PlyCount "119"]
[EventDate "2023.11.11"]
[EventType "team-swiss"]
[EventRounds "9"]
[EventCountry "MNE"]
[SourceTitle "CB47_2023"]
[SourceDate "2023.11.22"]
[SourceVersion "1"]
[SourceVersionDate "2023.11.22"]
[SourceQuality "1"]
[WhiteTeam "Estonia (W)"]
[BlackTeam "Belgium (W)"]
[WhiteTeamCountry "EST"]
[BlackTeamCountry "BEL"]

1. d4 Nf6 2. c4 e6 3. Nf3 d5 4. g3 dxc4 5. Bg2 Nc6 6. 0-0 Rb8 7. e3 Be7 8. a4 0-0 9. Nbd2 Na5 10. Qc2 Nd5 11. Nxc4 Nb4 12. Qc3 Nxc4 13. Qxc4 b6 14. Rd1 Ba6 15. Qb3 Bb7 16. Ne5 Bxg2 17. Kxg2 Qd6 18. e4 Nc6 19. Nf3 Na5 20. Qc2 Rbc8 21. Bd2 Nc6 22. Bf4 Qd7 23. Rac1 Nb4 24. Qb3 c6 25. Ne5 Qb7 26. f3 Rfd8 27. Be3 a5 28. h4 h6 29. Kh3 Bd6 30. Nc4 Bc7 31. Bd2 Qb8 32. Be1 Rd7 33. f4 Rcd8 34. Bf2 Kh8 35. Na3 Bd6 36. Nc2 Qb7 37. Nxb4 Bxb4 38. Qf3 Rd6 39. Rf1 c5 40. dxc5 Rd3 41. c6 Qc7 42. Qe2 Bd2 43. Rfd1 Bxc1 44. Rxd3 Rxd3 45. Qxd3 Qxc6 46. Qc3 Qxc3 47. bxc3 Bd2 48. c4 Kg8 49. Bxb6 Kf8 50. h5 Ke8 51. Kg4 Kd7 52. Kf3 Kd6 53. Bd4 f6 54. e5+ Ke7 55. exf6+ gxf6 56. g4 Bb4 57. Ke4 Bd6 58. Bb6 Bb4 59. Be3 Bd6 60. f5 1-0

[Event "EU-chT (Women) 24th"]
[Site "Budva"]
[Date "2023.11.11"]
[Round "1.6"]
[White "Milliet, Sophie"]
[Black "Olde, Margareth"]
[Result "1-0"]
[WhiteElo "2375"]
[BlackElo "2147"]
[PlyCount "95"]
[EventDate "2023.11.11"]
[EventType "team-swiss"]
[EventRounds "9"]
[EventCountry "MNE"]
[SourceTitle "CB47_2023"]
[SourceDate "2023.11.22"]
[SourceVersion "1"]
[SourceVersionDate "2023.11.22"]
[SourceQuality "1"]
[WhiteTeam "France (W)"]
[BlackTeam "Estonia (W)"]
[WhiteTeamCountry "FRA"]
[BlackTeamCountry "EST"]

1. d4 Nf6 2. c4 e6 3. g3 d5 4. Bg2 Bb4+ 5. Bd2 Be7 6. Nf3 0-0 7. Qc2 c6 8. h4 Nbd7 9. Nc3 b6 10. e4 dxe4 11. Ng5 Bb7 12. Ncxe4 h6 13. 0-0-0 Nxe4 14. Nxe4 Nf6 15. Bf4 Nxe4 16. Bxe4 Bd6 17. Be5 Qc7 18. f4 Rad8 19. c5 bxc5 20. Bxd6 Rxd6 21. dxc5 Rxd1+ 22. Rxd1 Qa5 23. a3 Rd8 24. Rxd8+ Qxd8 25. Qa4 Qa8 26. h5 f5 27. Bc2 Kh8 28. Qd4 Qe8 29. Qe5 Bc8 30. Bxf5 Qxh5 31. Be4 Qxe5 32. fxe5 Bd7 33. b4 Kg8 34. b5 cxb5 35. Bb7 a5 36. c6 Bxc6 37. Bxc6 b4 38. axb4 axb4 39. Ba4 Kf7 40. Bb3 h5 41. Kd2 g5 42. Ke3 Ke7 43. Bd1 Kd7 44. Bxh5 Kc6 45. Kd4 b3 46. Kc4 b2 47. Bg6 Kb6 48. Be4 1-0

[Event "Bucharest Queens"]
[Site "Bucharest"]
[Date "2023.08.28"]
[Round "9"]
[White "Olde, Margareth"]
[Black "Jarocka, Liwia"]
[Result "1/2-1/2"]
[WhiteElo "2256"]
[BlackElo "2233"]
[PlyCount "42"]
[EventDate "2023.08.22"]
[EventType "tourn"]
[EventRounds "9"]
[EventCountry "ROU"]
[SourceTitle "CBM 215 Extra"]
[Source "ChessBase"]
[SourceDate "2023.09.30"]
[SourceVersion "1"]
[SourceVersionDate "2023.09.30"]
[SourceQuality "1"]

1. d4 d5 2. Nf3 e6 3. c4 a6 4. cxd5 exd5 5. Nc3 c6 6. Qc2 Be7 7. Bf4 Nf6 8. e3 0-0 9. Bd3 Nbd7 10. 0-0 Re8 11. h3 Nf8 12. a3 Ng6 13. Bh2 Bd6 14. b4 Bxh2+ 15. Nxh2 Qe7 16. Rfe1 Ne4 17. f3 Nxc3 18. Qxc3 Nh4 19. Qc2 h5 20. e4 Qg5 21. Kh1 Be6 1/2-1/2

[Event "Bucharest Queens"]
[Site "Bucharest"]
[Date "2023.08.26"]
[Round "7"]
[White "Doluhanova, Evgeniya"]
[Black "Olde, Margareth"]
[Result "1/2-1/2"]
[WhiteElo "2260"]
[BlackElo "2256"]
[PlyCount "151"]
[EventDate "2023.08.22"]
[EventType "tourn"]
[EventRounds "9"]
[EventCountry "ROU"]
[SourceTitle "CBM 215 Extra"]
[Source "ChessBase"]
[SourceDate "2023.09.30"]
[SourceVersion "1"]
[SourceVersionDate "2023.09.30"]
[SourceQuality "1"]

1. c4 Nf6 2. Nf3 e6 3. e3 d5 4. b3 Bd6 5. Be2 0-0 6. 0-0 b6 7. Bb2 Bb7 8. Nc3 a6 9. cxd5 exd5 10. h3 Nbd7 11. Rc1 Re8 12. d4 Qe7 13. Nh4 Qe6 14. Qc2 g6 15. Nf3 Rac8 16. Rcd1 h6 17. Qd2 Ne4 18. Nxe4 Qxe4 19. Nh2 Qe6 20. Bf3 Nf6 21. Rfe1 Kh7 22. Bc1 Ne4 23. Bxe4 dxe4 24. d5 Qe7 25. Bb2 f5 26. f3 Rcd8 27. fxe4 Qxe4 28. Qf2 Bb4 29. Ng4 Rf8 30. Nf6+ Rxf6 31. Bxf6 Bxe1 32. Qxe1 Bxd5 33. Qg3 Rd7 34. Rd4 Qe6 35. Be5 c5 36. Rh4 h5 37. Bc3 b5 38. Kh1 b4 39. Bb2 Be4 40. Kg1 Qd6 41. Rf4 a5 42. Qg5 a4 43. Rf2 a3 44. Bf6 Qc7 45. Rf1 Qc6 46. Be5 Qe6 47. Bf4 Rd2 48. Rf2 Rxf2 49. Kxf2 c4 50. bxc4 b3 51. Qd8 b2 52. Qc7+ Kg8 53. Be5 Kf8 54. Qg7+ Ke8 55. Qh8+ Kd7 56. Qg7+ Qe7 57. Bxb2 axb2 58. Qxb2 Qd6 59. c5 Qxc5 60. Qg7+ Kc8 61. Qxg6 Qc2+ 62. Kg1 Qc1+ 63. Kh2 Qc7+ 64. Qg3 Qf7 65. a4 Kb7 66. Qe5 Qc7 67. Qg3 Kb6 68. Qxc7+ Kxc7 69. Kg3 Kb6 70. Kh4 Bxg2 71. Kxh5 Bxh3 72. Kg5 Kc5 73. Kf4 Kd5 74. a5 Ke6 75. e4 fxe4 76. Kxe4 1/2-1/2

[Event "Bucharest Queens"]
[Site "Bucharest"]
[Date "2023.08.22"]
[Round "1"]
[White "Hryzlova, Sofiia"]
[Black "Olde, Margareth"]
[Result "1-0"]
[WhiteElo "2239"]
[BlackElo "2256"]
[PlyCount "81"]
[EventDate "2023.08.22"]
[EventType "tourn"]
[EventRounds "9"]
[EventCountry "ROU"]
[SourceTitle "CBM 215 Extra"]
[Source "ChessBase"]
[SourceDate "2023.09.30"]
[SourceVersion "1"]
[SourceVersionDate "2023.09.30"]
[SourceQuality "1"]

1. d4 Nf6 2. Nf3 e6 3. Bf4 d5 4. e3 Bd6 5. Ne5 0-0 6. Nd2 c5 7. c3 b6 8. h4 Qc7 9. h5 Nbd7 10. h6 g6 11. Ndf3 Ne4 12. Bd3 cxd4 13. cxd4 Nxe5 14. Nxe5 Bb7 15. Rc1 Qe7 16. 0-0 f6 17. Bxe4 dxe4 18. Nc6 Qd7 19. Ne5 Qd8 20. Qg4 fxe5 21. dxe5 Bc5 22. Qxe6+ Rf7 23. Rfd1 Qe7 24. Qc4 Re8 25. b4 Bxb4 26. e6 Qxe6 27. Qxb4 Qe7 28. Qb3 Bc8 29. Rc6 Be6 30. Qc2 g5 31. Bxg5 Qxg5 32. Rxe6 Ref8 33. Rd2 Rf6 34. Qc4 R6f7 35. Qxe4 Qa5 36. Qg4+ Kh8 37. Qd4+ Kg8 38. Re4 Rc8 39. Rg4+ Kf8 40. Qh8+ Ke7 41. Re4+ 1-0

[Event "Kuressaare EST-LAT-LTU"]
[Site "Kuressaare"]
[Date "2023.06.01"]
[Round "2.7"]
[White "Jakaityte, Ruta"]
[Black "Olde, Margareth"]
[Result "0-1"]
[WhiteElo "1949"]
[BlackElo "2256"]
[PlyCount "50"]
[EventDate "2023.06.01"]
[EventType "team-tourn"]
[EventRounds "3"]
[EventCountry "EST"]
[SourceTitle "CBM 214 Extra"]
[Source "ChessBase"]
[SourceDate "2023.07.31"]
[SourceVersion "1"]
[SourceVersionDate "2023.07.31"]
[SourceQuality "1"]
[WhiteTeam "Lithuania"]
[BlackTeam "Estonia"]
[WhiteTeamCountry "LTU"]
[BlackTeamCountry "EST"]

1. e4 d6 2. d4 Nf6 3. Bd3 e5 4. Ne2 g6 5. h3 exd4 6. Nxd4 Bg7 7. Be3 Nbd7 8. Nc3 Nc5 9. Qd2 0-0 10. 0-0-0 Re8 11. f3 Nxd3+ 12. Qxd3 Nd7 13. h4 Ne5 14. Qf1 Nc6 15. Bg5 Qd7 16. Nb3 f6 17. Bf4 Qf7 18. h5 g5 19. Bg3 h6 20. Nd5 f5 21. exf5 Bxf5 22. Qb5 Be6 23. Nc3 Rab8 24. Ne4 Bc4 25. Qa4 b5 0-1

[Event "EU-ch (Women) 23rd"]
[Site "Petrovac"]
[Date "2023.03.29"]
[Round "11"]
[White "Olde, Margareth"]
[Black "Paasikangas Tella, Johanna"]
[Result "1-0"]
[WhiteElo "2234"]
[BlackElo "2115"]
[PlyCount "105"]
[EventDate "2023.03.18"]
[EventType "swiss"]
[EventRounds "11"]
[EventCountry "MNE"]
[SourceTitle "CBM 213 Extra"]
[Source "ChessBase"]
[SourceDate "2023.05.31"]
[SourceVersion "1"]
[SourceVersionDate "2023.05.31"]
[SourceQuality "1"]

1. d4 Nf6 2. c4 g6 3. Nc3 Bg7 4. e4 d6 5. h3 0-0 6. Be3 e5 7. d5 Na6 8. g4 Nc5 9. f3 a5 10. Nge2 Bd7 11. Ng3 Ne8 12. Qd2 a4 13. h4 f5 14. gxf5 gxf5 15. Bg5 Bf6 16. Bh3 f4 17. Bxd7 Qxd7 18. Nf5 Ng7 19. Nh6+ Kh8 20. 0-0-0 Nh5 21. Rh2 Bg7 22. Ng4 Qf7 23. Bh6 Bxh6 24. Nxh6 Qf6 25. Ng4 Qe7 26. Kb1 Rg8 27. Rg2 Rg6 28. Rdg1 Rf8 29. Qc2 Qd7 30. Qf2 Qe8 31. Nh2 Rfg8 32. Rxg6 Rxg6 33. Rg4 Ng3 34. Qg2 Rxg4 35. Nxg4 Qd7 36. Kc2 Qg7 37. Qh3 Qd7 38. h5 Qf7 39. Qh4 Nxh5 40. Nh6 Qe8 41. Nb5 Ng7 42. Nxc7 Qf8 43. Qg5 Nd7 44. Nb5 Ne8 45. Qd8 Qxh6 46. Qxe8+ Nf8 47. Qd8 Kg8 48. Qxd6 Qg5 49. Kc3 Qg3 50. Kb4 Qxf3 51. Qxe5 Qg4 52. Nd6 f3 53. Nf5 1-0

[Event "EU-ch (Women) 23rd"]
[Site "Petrovac"]
[Date "2023.03.25"]
[Round "7"]
[White "Abdinova, Narmin"]
[Black "Olde, Margareth"]
[Result "0-1"]
[WhiteElo "2090"]
[BlackElo "2234"]
[PlyCount "94"]
[EventDate "2023.03.18"]
[EventType "swiss"]
[EventRounds "11"]
[EventCountry "MNE"]
[SourceTitle "CBM 213 Extra"]
[Source "ChessBase"]
[SourceDate "2023.05.31"]
[SourceVersion "1"]
[SourceVersionDate "2023.05.31"]
[SourceQuality "1"]

1. e4 e5 2. Nf3 Nc6 3. d4 exd4 4. Bc4 Bc5 5. c3 Nf6 6. cxd4 Bb4+ 7. Bd2 Nxe4 8. Bxb4 Nxb4 9. Bxf7+ Kxf7 10. Qb3+ d5 11. Ne5+ Ke6 12. Qxb4 Qf8 13. Qxf8 Rxf8 14. Nc3 c6 15. 0-0 Kd6 16. Rfe1 Ng5 17. b4 Ne6 18. Rad1 Rf5 19. Nf3 Bd7 20. Ne5 Be8 21. g4 Rf6 22. Re3 a5 23. bxa5 Kc7 24. Nd3 Bd7 25. Na4 Rxa5 26. Nac5 Nxc5 27. Nxc5 b6 28. Nxd7 Kxd7 29. Rd2 Ra4 30. h3 Rf4 31. Red3 Kd6 32. Kg2 Rf8 33. Rb3 b5 34. a3 Rfa8 35. Rdd3 R8a5 36. Kf3 c5 37. dxc5+ Kxc5 38. Ke3 Ra7 39. Kd2 Rf7 40. f3 d4 41. Rb1 Rfa7 42. Rbb3 Kc4 43. Kc2 b4 44. Rxb4+ Rxb4 45. axb4 Ra2+ 46. Kb1 Kxd3 47. Kxa2 Kc2 0-1

[Event "EU-ch (Women) 23rd"]
[Site "Petrovac"]
[Date "2023.03.21"]
[Round "4"]
[White "Olde, Margareth"]
[Black "Balajayeva, Khanim Asad Qizi"]
[Result "1/2-1/2"]
[WhiteElo "2234"]
[BlackElo "2372"]
[PlyCount "103"]
[EventDate "2023.03.18"]
[EventType "swiss"]
[EventRounds "11"]
[EventCountry "MNE"]
[SourceTitle "CBM 213 Extra"]
[Source "ChessBase"]
[SourceDate "2023.05.31"]
[SourceVersion "1"]
[SourceVersionDate "2023.05.31"]
[SourceQuality "1"]

1. d4 d5 2. Nf3 Nf6 3. c4 c6 4. e3 Bf5 5. Nc3 e6 6. Nh4 Be4 7. f3 Bg6 8. Qb3 Qc7 9. Bd2 Be7 10. g3 0-0 11. Nxg6 hxg6 12. Rc1 dxc4 13. Qxc4 Nbd7 14. Bg2 Rad8 15. f4 a6 16. b4 Qd6 17. Ne4 Nxe4 18. Bxe4 Nb6 19. Qb3 g5 20. 0-0 Nd5 21. a3 f5 22. Bg2 gxf4 23. Bxd5 cxd5 24. gxf4 Rc8 25. b5 Qxa3 26. Qxa3 Bxa3 27. Rxc8 Rxc8 28. bxa6 bxa6 29. Ra1 Be7 30. Rxa6 Rc2 31. Ba5 Kf7 32. Ra7 Ke8 33. Ra8+ Kf7 34. Ra7 Ra2 35. Bb6 Rxa7 36. Bxa7 Ke8 37. Bb8 Kd7 38. Be5 g6 39. Kf2 Kc6 40. Ke2 Kb5 41. Kd3 Kb4 42. Bc7 Kb3 43. Ba5 Kb2 44. Kd2 Bd6 45. Bc3+ Kb3 46. Kd3 Bc7 47. Be1 Kb2 48. Bh4 Ba5 49. Be7 Kc1 50. Ke2 Kc2 51. Bf6 Bb4 52. Bd8 1/2-1/2

[Event "EU-ch (Women) 23rd"]
[Site "Petrovac"]
[Date "2023.03.19"]
[Round "2"]
[White "Olde, Margareth"]
[Black "Ismayil, Malak"]
[Result "1-0"]
[WhiteElo "2234"]
[BlackElo "2011"]
[PlyCount "155"]
[EventDate "2023.03.18"]
[EventType "swiss"]
[EventRounds "11"]
[EventCountry "MNE"]
[SourceTitle "CBM 213 Extra"]
[Source "ChessBase"]
[SourceDate "2023.05.31"]
[SourceVersion "1"]
[SourceVersionDate "2023.05.31"]
[SourceQuality "1"]

1. d4 Nf6 2. c4 e6 3. Nf3 d5 4. g3 dxc4 5. Bg2 Nc6 6. Qa4 Bb4+ 7. Bd2 Nd5 8. Bxb4 Ndxb4 9. Ne5 Bd7 10. 0-0 Rb8 11. Nxc6 Nxc6 12. Qxc4 e5 13. dxe5 Nxe5 14. Qc3 f6 15. Rd1 0-0 16. f4 Nf7 17. Na3 Qc8 18. Rac1 c6 19. Nc4 Bh3 20. Bh1 Qe6 21. e4 Rfd8 22. Bf3 Qe7 23. Qe3 Be6 24. Qxa7 Ra8 25. Rxd8+ Qxd8 26. Qc5 Qd3 27. Bg2 Rxa2 28. Qe7 Qd4+ 29. Kh1 Qd7 30. Qxd7 Bxd7 31. Bf1 b5 32. Nb6 Be8 33. b3 Ra3 34. Rc3 Nd6 35. e5 fxe5 36. fxe5 Ne4 37. Re3 Bg6 38. Bh3 Ng5 39. Bd7 Be4+ 40. Kg1 Bf3 41. h4 Ra1+ 42. Kf2 Ra2+ 43. Ke1 Ra1+ 44. Kd2 Ne4+ 45. Kc2 Ra2+ 46. Kc1 Ra1+ 47. Kb2 Rf1 48. e6 b4 49. e7 Rf2+ 50. Kc1 Rf1+ 51. Kc2 Bd1+ 52. Kb2 Nf6 53. e8Q+ Nxe8 54. Bxe8 Rf2+ 55. Kc1 Bf3 56. Bd7 h5 57. Be6+ Kh7 58. Nd7 Bg2 59. Ne5 Rf6 60. Nd3 Rf1+ 61. Kd2 c5 62. Nxc5 Bf3 63. Nd3 Rd1+ 64. Kc2 Rf1 65. Nxb4 Bd1+ 66. Kd2 Bf3 67. Nd3 Bc6 68. Nf4 g6 69. Rc3 Be4 70. b4 Kg7 71. Bd5 Bf5 72. b5 Kf6 73. b6 Ke5 74. b7 Rf2+ 75. Kc1 Rf1+ 76. Kd2 Rf2+ 77. Ke1 Rb2 78. Rb3 1-0

[Event "Kragero op"]
[Site "Kragero"]
[Date "2023.02.26"]
[Round "9"]
[White "Olde, Margareth"]
[Black "Austad, Eirik Strom"]
[Result "1/2-1/2"]
[WhiteElo "2244"]
[BlackElo "2076"]
[PlyCount "161"]
[EventDate "2023.02.22"]
[EventType "swiss"]
[EventRounds "9"]
[EventCountry "NOR"]
[SourceTitle "CBM 212 Extra"]
[Source "ChessBase"]
[SourceDate "2023.03.31"]
[SourceVersion "1"]
[SourceVersionDate "2023.03.31"]
[SourceQuality "1"]

1. d4 Nf6 2. Nf3 e6 3. c4 d5 4. g3 c6 5. Qc2 Nbd7 6. Bg2 Bd6 7. 0-0 0-0 8. b3 e5 9. dxe5 Nxe5 10. Bb2 Qe7 11. cxd5 Nxd5 12. Nd4 Nb4 13. Qc1 Rd8 14. Nd2 Bc5 15. N2f3 Nxf3+ 16. Nxf3 Bf5 17. Nh4 Bg4 18. a3 Nd5 19. e4 Nc7 20. h3 Be6 21. Kh2 Bd4 22. f4 Bxb2 23. Qxb2 f6 24. Rad1 Rxd1 25. Rxd1 Rd8 26. Re1 Rd3 27. b4 Rb3 28. Qc1 Qd6 29. Rd1 Rd3 30. Rxd3 Qxd3 31. Qc5 Qd7 32. Qxa7 Nb5 33. Qe3 Qd4 34. Qxd4 Nxd4 35. a4 Bb3 36. a5 Bc4 37. Nf5 Nxf5 38. exf5 Kf7 39. Kg1 Ke7 40. Kf2 Kd6 41. Ke3 Bb3 42. Kd4 Ba4 43. Bf1 Bb5 44. Bc4 Ba4 45. Bd3 Bb5 46. Be4 Ba6 47. Kc3 Bb5 48. h4 Be2 49. Kd4 Bb5 50. Bc2 Be2 51. Bb3 Bg4 52. Be6 h6 53. b5 cxb5 54. Bd5 Kc7 55. Kc5 Bxf5 56. Kxb5 Bd3+ 57. Kc5 Be2 58. Bb3 Bf3 59. Ba4 Be4 60. Bb3 Bf3 61. Bd5 Bg4 62. Kd4 Bc8 63. Ke4 b6 64. axb6+ Kxb6 65. Bf7 Kc7 66. Kd5 Kd8 67. Kd6 Bd7 68. Bg6 Ba4 69. Be4 Bd7 70. f5 Ba4 71. Bc6 Bb3 72. Bd7 Bc4 73. Ba4 Bf7 74. Bc6 Bc4 75. Bd5 Bd3 76. Ke6 Ke8 77. Bc6+ Kf8 78. Bd5 Be2 79. Be4 Bg4 80. Bc2 Be2 81. Be4 1/2-1/2

[Event "Kragero op"]
[Site "Kragero"]
[Date "2023.02.23"]
[Round "3"]
[White "Olde, Margareth"]
[Black "Adamovics, Aleksejs"]
[Result "1-0"]
[WhiteElo "2244"]
[BlackElo "2033"]
[PlyCount "137"]
[EventDate "2023.02.22"]
[EventType "swiss"]
[EventRounds "9"]
[EventCountry "NOR"]
[SourceTitle "CBM 212 Extra"]
[Source "ChessBase"]
[SourceDate "2023.03.31"]
[SourceVersion "1"]
[SourceVersionDate "2023.03.31"]
[SourceQuality "1"]

1. d4 Nf6 2. c4 e6 3. g3 d5 4. Bg2 c6 5. Nf3 Be7 6. 0-0 0-0 7. Qc2 Nbd7 8. Nbd2 b6 9. e4 dxe4 10. Nxe4 Bb7 11. Rd1 Qc8 12. Bf4 Nxe4 13. Qxe4 Nf6 14. Qe2 Re8 15. Ne5 c5 16. Bg5 Bxg2 17. Kxg2 cxd4 18. Rxd4 h6 19. Bf4 Bc5 20. Rd3 Rd8 21. Rxd8+ Qxd8 22. Qf3 Rc8 23. Rd1 Qe7 24. g4 Bd6 25. Ng6 fxg6 26. Bxd6 Qe8 27. b3 e5 28. h3 Qe6 29. Ba3 Kh7 30. Qb7 Qc6+ 31. Qxc6 Rxc6 32. Bb2 Re6 33. Rd8 g5 34. Ra8 Re7 35. Ba3 Rd7 36. Bb4 Kg6 37. Bc3 e4 38. Kf1 h5 39. Ke2 h4 40. Bd2 Re7 41. Be3 Rc7 42. a4 Rb7 43. Rd8 Rc7 44. Rd6 Re7 45. Rc6 Rd7 46. a5 bxa5 47. Rc5 Nh7 48. Rxa5 Rb7 49. Ra3 a5 50. Bd2 Nf8 51. Rxa5 Ne6 52. b4 Rd7 53. Be3 Nf4+ 54. Bxf4 gxf4 55. c5 Rd4 56. c6 Rxb4 57. Rc5 Rb8 58. c7 Rc8 59. Kd2 Kf6 60. Kc3 Ke6 61. Kd4 e3 62. fxe3 f3 63. Kd3 Kd6 64. Rc1 Ke5 65. Rc4 g6 66. Rc1 g5 67. Rc4 f2 68. Ke2 Rf8 69. Kf1 1-0

[Event "Arco op 44th"]
[Site "Arco"]
[Date "2022.10.09"]
[Round "2"]
[White "Olde, Margareth"]
[Black "Zschiesing, Falk"]
[Result "1-0"]
[WhiteElo "2233"]
[BlackElo "1955"]
[PlyCount "51"]
[EventDate "2022.10.08"]
[EventType "swiss"]
[EventRounds "9"]
[EventCountry "ITA"]
[SourceTitle "CBM 210 Extra"]
[Source "ChessBase"]
[SourceDate "2022.11.30"]
[SourceVersion "1"]
[SourceVersionDate "2022.11.30"]
[SourceQuality "1"]

1. d4 Nf6 2. c4 e6 3. Nf3 d5 4. g3 Be7 5. Bg2 0-0 6. 0-0 dxc4 7. Qc2 a6 8. a4 Bd7 9. Qxc4 Bc6 10. Bg5 b5 11. Qd3 Nbd7 12. Rc1 Be4 13. Qe3 b4 14. Nbd2 Bb7 15. Bxf6 Nxf6 16. Nb3 a5 17. h4 Qd6 18. Ne5 Bxg2 19. Kxg2 Nd5 20. Qf3 Ra6 21. Nc5 Raa8 22. Nc4 Qc6 23. Nb3 Qd7 24. Ncxa5 Nb6 25. Qc6 Qxc6+ 26. Nxc6 1-0

[Event "Olympiad Women-44"]
[Site "Chennai"]
[Date "2022.08.09"]
[Round "11.2"]
[White "Olde, Margareth"]
[Black "Avramidou, Anastasia"]
[Result "1/2-1/2"]
[WhiteElo "2235"]
[BlackElo "2274"]
[PlyCount "142"]
[EventDate "2022.07.29"]
[EventType "team-swiss"]
[EventRounds "11"]
[EventCountry "IND"]
[SourceTitle "CBM 210"]
[Source "ChessBase"]
[SourceDate "2022.10.31"]
[SourceVersion "1"]
[SourceVersionDate "2022.10.31"]
[SourceQuality "1"]
[WhiteTeam "Estonia (W)"]
[BlackTeam "Greece (W)"]
[WhiteTeamCountry "EST"]
[BlackTeamCountry "GRE"]

1. d4 Nf6 2. c4 g6 3. Nc3 Bg7 4. e4 d6 5. Be2 0-0 6. Be3 Nc6 7. d5 Ne5 8. h3 e6 9. Nf3 Nxf3+ 10. Bxf3 exd5 11. cxd5 Nd7 12. 0-0 Ne5 13. Be2 f5 14. f4 Nd7 15. Bd4 Bxd4+ 16. Qxd4 Qf6 17. Qxf6 Nxf6 18. e5 Nd7 19. e6 Nf6 20. Bb5 c6 21. dxc6 Bxe6 22. cxb7 Rab8 23. Bc6 Bc4 24. Rfd1 Ba6 25. Rxd6 Bxb7 26. Bxb7 Rxb7 27. Rd2 Rfb8 28. b3 Rc8 29. Rd3 Re7 30. Rad1 Kf7 31. Nd5 Nxd5 32. Rxd5 Rc2 33. R1d2 Rcc7 34. Kf2 Rb7 35. h4 Kg7 36. h5 Kh6 37. hxg6 hxg6 38. Rd6 Rbc7 39. a4 Re4 40. R6d4 Rxd4 41. Rxd4 Rc2+ 42. Kg1 a5 43. Rd3 Kh5 44. Kh2 Kg4 45. Rg3+ Kxf4 46. Rxg6 Rb2 47. Ra6 Rxb3 48. Rxa5 Ra3 49. Ra8 Kg5 50. a5 Kg6 51. Ra7 Kf6 52. a6 Kg6 53. Kg1 Kh6 54. Kf2 Kg6 55. Ke2 Kh6 56. Ra8 Kg7 57. Kd2 Ra2+ 58. Kc3 Rxg2 59. Kb3 Rg1 60. Kb2 Rg4 61. Rb8 Ra4 62. Rb6 f4 63. Kc2 f3 64. Kd2 Ra2+ 65. Ke1 f2+ 66. Kf1 Kf7 67. Rh6 Kg7 68. Re6 Kf7 69. Re2 Rxa6 70. Rxf2+ Rf6 71. Rxf6+ Kxf6 1/2-1/2

[Event "Bassano del Grappa Easter op-A 2nd"]
[Site "Bassano del Grappa"]
[Date "2022.04.16"]
[Round "5"]
[White "Carlo, Emanuele"]
[Black "Olde, Margareth"]
[Result "1/2-1/2"]
[WhiteElo "2296"]
[BlackElo "2186"]
[PlyCount "63"]
[EventDate "2022.04.14"]
[EventType "swiss"]
[EventRounds "9"]
[EventCountry "ITA"]
[SourceTitle "EXT 2024"]
[Source "ChessBase"]
[SourceDate "2023.10.10"]
[SourceVersion "1"]
[SourceVersionDate "2023.10.10"]
[SourceQuality "1"]

1. e4 e5 2. Nf3 Nc6 3. Bc4 Bc5 4. d3 Nf6 5. 0-0 d6 6. c3 h6 7. Re1 0-0 8. h3 a5 9. a4 Re8 10. Qb3 Re7 11. Nbd2 Rb8 12. Nf1 Be6 13. Ne3 Bxc4 14. Qxc4 Bxe3 15. Bxe3 d5 16. Qb3 Rd7 17. Qc2 dxe4 18. dxe4 Qe8 19. Rad1 Rbd8 20. Rxd7 Qxd7 21. Qb3 Nxe4 22. Qxb7 f5 23. Qb5 Qd5 24. Qxd5+ Rxd5 25. g4 Nd6 26. gxf5 Nxf5 27. Kf1 e4 28. Ng1 Ne5 29. Bf4 Nd3 30. Rxe4 Nxb2 31. Ke2 Nd6 32. Bxd6 1/2-1/2

[Event "Bassano del Grappa Easter op-A 2nd"]
[Site "Bassano del Grappa"]
[Date "2022.04.14"]
[Round "2"]
[White "Olde, Margareth"]
[Black "Gilevich, Artem"]
[Result "0-1"]
[WhiteElo "2186"]
[BlackElo "2414"]
[PlyCount "78"]
[EventDate "2022.04.14"]
[EventType "swiss"]
[EventRounds "9"]
[EventCountry "ITA"]
[SourceTitle "EXT 2024"]
[Source "ChessBase"]
[SourceDate "2023.10.10"]
[SourceVersion "1"]
[SourceVersionDate "2023.10.10"]
[SourceQuality "1"]

1. d4 d5 2. Nf3 e6 3. g3 c5 4. c4 dxc4 5. Qa4+ Nc6 6. Bg2 cxd4 7. 0-0 Bc5 8. Ne5 Nge7 9. Nxc6 bxc6 10. Bxc6+ Bd7 11. Bxd7+ Qxd7 12. Qxd7+ Kxd7 13. Nd2 e5 14. Nxc4 Ke6 15. b3 h5 16. h4 a5 17. Bd2 Bb4 18. Rfd1 Rhd8 19. e4 dxe3 20. Bxe3 Nd5 21. Rxd5 Kxd5 22. Nb6+ Ke4 23. Nxa8 Rxa8 24. Kg2 Bc3 25. Rc1 Bd4 26. Rc7 Bxe3 27. fxe3 Kxe3 28. Rxf7 g6 29. Rf6 Rd8 30. g4 e4 31. Rxg6 Kd2 32. Rg5 hxg4 33. Rxa5 e3 34. Re5 e2 35. b4 Rd3 36. Rxe2+ Kxe2 37. b5 Rh3 38. a4 Rxh4 39. b6 Rh3 0-1

[Event "Riga Tech op-A"]
[Site "Riga"]
[Date "2021.08.13"]
[Round "7"]
[White "Pavlov, Sergey1111"]
[Black "Olde, Margareth"]
[Result "1/2-1/2"]
[WhiteElo "2481"]
[BlackElo "2240"]
[PlyCount "139"]
[EventDate "2021.08.09"]
[EventType "swiss"]
[EventRounds "9"]
[EventCountry "LAT"]
[SourceTitle "CBM 203 Extra"]
[Source "ChessBase"]
[SourceDate "2021.09.30"]
[SourceVersion "1"]
[SourceVersionDate "2021.09.30"]
[SourceQuality "1"]

1. d4 Nf6 2. Nf3 e6 3. e3 c5 4. Bd3 d5 5. c3 Nc6 6. Nbd2 cxd4 7. exd4 Bd6 8. 0-0 0-0 9. Re1 Qc7 10. Nf1 h6 11. Qe2 Nd7 12. Ne3 Nf6 13. Nf1 Nd7 14. Ng3 e5 15. dxe5 Ndxe5 16. Nxe5 Nxe5 17. Be3 Nxd3 18. Qxd3 Be6 19. Bd4 Bxg3 20. hxg3 Rfe8 21. Qf3 f6 22. Re3 Bf7 23. Rae1 Qd7 24. Bc5 Qb5 25. b4 Rxe3 26. Rxe3 b6 27. Bd4 Re8 28. Rxe8+ Qxe8 29. Qf4 Qe2 30. f3 Qxa2 31. Qb8+ Kh7 32. Kh2 Qa4 33. Qb7 Kg8 34. Qa8+ Qe8 35. Qxa7 b5 36. Qc7 Be6 37. g4 Qc8 38. Qd6 Qd7 39. Qb8+ Kh7 40. Kg3 f5 41. gxf5 Bxf5 42. Qf8 Bg6 43. Kf2 Bc2 44. g4 Bd3 45. Be5 Qa7+ 46. Kg2 Bg6 47. Bd4 Qf7 48. Qb8 Qe8 49. Qb7 Qe2+ 50. Kg3 Qe1+ 51. Kf4 Qd2+ 52. Ke5 Qg5+ 53. Kd6 Bd3 54. Kc5 Bc4 55. f4 Qxg4 56. f5 Kg8 57. Qb8+ Kf7 58. Qc7+ Kg8 59. Qd8+ Kh7 60. Qe7 Kg8 61. Qe8+ Kh7 62. Qf7 h5 63. f6 Qc8+ 64. Kd6 Qd8+ 65. Ke6 Qc8+ 66. Kd6 Qd8+ 67. Kc6 Qc8+ 68. Kb6 Qb8+ 69. Ka6 Qa8+ 70. Kb6 1/2-1/2